La sociedad criminógena /

Bibliographic Details
Main Author: Pinatel, Jean (Author)
Other Authors: Agurto Gonzáles, Carlos Antonio (Editor), Quequejana Mamani, Sonia Lidia (Editor), Choque Cuenca, Benigno (Editor), Rodríguez Ramos, Luis (Translator)
Format: Electronic eBook
Language:Spanish
French
Published: Santiago, Chile : Ediciones Olejnik, [2023]
Series:Biblioteca de criminología.
Subjects:
Online Access:Digitalia Hispánica

MARC

LEADER 00000nam a2200000Ii 4500
001 DIGOLEJNK1459
003 NyNyDIG
006 m o d
007 cr |||||||||||
008 251203s2023 cl o 000 0 spa d
035 |a (OCoLC)1427227346 
040 |a DGITA  |b eng  |e rda  |e pn  |c DGITA 
020 |z 9789564073033 
041 1 |a spa  |h fre 
050 1 4 |a HV6025 ebook 
100 1 |a Pinatel, Jean,  |e author. 
240 1 0 |a Société criminogène.  |l Spanish  |s (Rodríguez Ramos) 
245 1 3 |a La sociedad criminógena /  |c Jean Pinatel ; edición al cuidado de Carlos Antonio Agurto Gonzáles, Sonia Lidia Quequejana Mamani, Benigno Choque Cuenca ; traducción de Luis Rodríguez Ramos. 
264 1 |a Santiago, Chile :  |b Ediciones Olejnik,  |c [2023] 
300 |a 1 online resource. 
336 |a text  |b txt  |2 rdacontent 
337 |a computer  |b c  |2 rdamedia 
338 |a online resource  |b cr  |2 rdacarrier 
347 |a text file  |2 rdaft 
347 |b PDF 
490 1 |a Biblioteca de criminología 
588 0 |a Online resource; title from PDF title page (Digitalia, viewed December 3, 2025) 
650 0 |a Criminology. 
650 0 |a Criminals  |x Rehabilitation. 
650 0 |a Crime prevention. 
700 1 |a Agurto Gonzáles, Carlos Antonio,  |e editor. 
700 1 |a Quequejana Mamani, Sonia Lidia,  |e editor. 
700 1 |a Choque Cuenca, Benigno,  |e editor. 
700 1 |a Rodríguez Ramos, Luis,  |e translator. 
700 1 |i Translation of:  |a Pinatel, Jean.  |t Société criminogène. 
791 2 |a Digitalia (Firm),  |e distributor. 
793 0 |g Digitalia eBook Collection:  |a Ediciones Olejnik 
776 0 8 |i Print version:  |a Pinatel, Jean.  |s Société criminogène. Spanish (Rodríguez Ramos).  |t Sociedad criminógena.  |b Primera edición en Ediciones Olejnik.  |d Santiago, Chile : Ediciones Olejnik, 2023  |z 9789564073033 
830 0 |a Biblioteca de criminología. 
856 4 0 |3 Digitalia Hispánica  |u https://www.digitaliapublishing.com/a/157978/ 
910 |a Premium collection: 2025